000
00266nam a22001217a 4500
008
170309b xxu||||| |||| 00| 0 eng d
041
_a
eng
080
_a
611
100
_a
6
101
_a
SHM
245
_a
ENDOCRINOLOGY AND METABOLISM
_c
BECKER, K.L
942
_2
udc
_c
BK
999
_c
7301
_d
7301